| 000 | 00000nas 2200000zi 4500 |
| 001 | 9.880282 |
| 003 | CaOODSP |
| 005 | 20221107165734 |
| 006 | m go d f |
| 007 | cr ||||||||||| |
| 008 | 191007d19932003oncar p o f0 b0fre|d |
| 022 | |a1493-7492 |
| 040 | |aCaOODSP|bfre|erda|cCaOODSP |
| 041 | |aeng|afre |
| 043 | |an-cn--- |
| 086 | 1 |aE78-1/1-PDF |
| 245 | 00|aExport of military goods from Canada, … annual report. |
| 246 | 15|aExportation de marchandises militaires du Canada |
| 264 | 1|a[Ottawa] : |bDepartment of Foreign Affairs and International Trade = Ministère des affaires étrangères et du commerce international, |c1994-2003. |
| 310 | |aAnnuel |
| 336 | |atexte|btxt|2rdacontent/fre |
| 337 | |ainformatique|bc|2rdamedia/fre |
| 338 | |aressource en ligne|bcr|2rdacarrier/fre |
| 362 | 1 |aParaît depuis 1993; ne paraît plus après 2002. |
| 546 | |aTexte en français et en anglais avec page de titre additionnel; le livraison de 2001 publié en français seulement. |
| 550 | |aPublié par la Direction des Contrôles à l’exportation, Direction générale des contrôles à l’exportation et à l’importation. |
| 692 | 07|2gccst|aArme offensive |
| 692 | 07|2gccst|aCoopération internationale |
| 692 | 07|2gccst|aExportation |
| 692 | 07|2gccst|aLimitation des armements |
| 692 | 07|2gccst|aPolitique |
| 692 | 07|2gccst|aSécurité internationale |
| 710 | 1 |aCanada. |bDirection générale des contrôles à l'exportation et à l'importation. |
| 710 | 1 |aCanada. |bDirection des contrôles à l'exportation. |
| 780 | 00|t... annual report, export of military goods from Canada.|w(CaOODSP)9.904757 |
| 785 | 00|tRapport sur les exportations de matériel militaire du Canada. |w(CaOODSP)9.501104 |
| 791 | |tExport of military goods from Canada, … annual report.|eeng|w(CaOODSP)9.880291 |